书目信息 |
| 题名: |
重刊宋本十三经注疏
|
|
| 作者: | 孔颖达 注 | |
| 分册: | 第一函 重刊宋本周易注疏 | |
| 出版信息: |
|
|
| 页数: | 全一册 | |
| 开本: | 17.5*12.5cm | |
| 丛书名: | ||
| 单 册: | ||
| 中图分类: | Z126.2 | |
| 科图分类: | ||
| 主题词: | 丛书--中国 | |
| 电子资源: | ||
| ISBN: | ||
| 000 | 00741nam0 2200217 450 | |
| 001 | 0632517453 | |
| 005 | 20061019092830.28 | |
| 010 | @b线装@dCNY250.00(全套) | |
| 100 | @a20061019d km y0chiy0120 ea | |
| 101 | 0 | @achi |
| 200 | 1 | @a重刊宋本十三经注疏@h第一函@i重刊宋本周易注疏@h四@Azhong kan song ben shi san jing zhu shu@f(唐)孔颖达等注@F(tang)kong ying da deng zhu |
| 215 | @a全一册@d17.5*12.5cm | |
| 300 | @a附校刊记 | |
| 300 | @a第一至第八卷为本函,共18函四百十六卷 | |
| 305 | @a清嘉庆二十年(1815)江西南昌府学雕本 | |
| 517 | 1 | @a重刊宋本周易注疏@Azhong kan song ben zhou yi zhu shu |
| 606 | 0 | @a丛书@x中国 |
| 690 | @aZ126.2@v3 | |
| 701 | 0 | @a孔颖达@Akong ying da@4注 |
| 801 | 0 | @aCN@bPFT@c20061019 |
| 905 | @a10447@dZ126.2@e15:1(4) | |
| 重刊宋本十三经注疏.第一函.重刊宋本周易注疏.四/(唐)孔颖达等注 |
| 全一册;17.5*12.5cm |
| 附校刊记.-第一至第八卷为本函,共18函四百十六卷 |
| ISBN (线装):CNY250.00(全套) |
| ● |
| 相关链接 |
|
|
|
|
正题名:重刊宋本十三经注疏
索取号:Z126.2/15:1(4)
 
预约/预借
| 序号 | 登录号 | 条形码 | 馆藏地/架位号 | 状态 | 备注 |
| 1 | 0223430 | 202410989 | 古籍典藏专区/ [索取号:Z126.2/15:1(4)] | 在馆 |